| 000 | 00473nam a22001337a 4500 | ||
|---|---|---|---|
| 005 | 20241022095246.0 | ||
| 008 | 241022b |||||||| |||| 00| 0 eng d | ||
| 100 |
_aAldenese, Marlon. _eauthor. _963279 |
||
| 245 |
_aA regal experience at Hong Kong / _cMarlon Aldenese. |
||
| 260 |
_aPhilippines; _bPhilippine Graphic Publishing Inc., _cNovember 2019. |
||
| 300 |
_aVolume 20, pages 58-61, _billustration. |
||
| 700 |
_aAldenese, Marlon. _eauthor. _963280 |
||
| 942 |
_2ddc _cPER |
||
| 999 |
_c22768 _d22768 |
||